Africa : the primacy of politics
Αποθηκεύτηκε σε:
| Συγγραφή απο Οργανισμό/Αρχή: | |
|---|---|
| Άλλοι συγγραφείς: | |
| Μορφή: | Βιβλίο |
| Γλώσσα: | English |
| Δημοσίευση: |
New York :
Random House,
[1966]
|
| Σειρά: | (Random House studies in political science)
|
| Θέματα: | |
| Ετικέτες: |
Προσθήκη ετικέτας
Δεν υπάρχουν, Καταχωρήστε ετικέτα πρώτοι!
|
MARC
| LEADER | 00000cam a2200000 a 4500 | ||
|---|---|---|---|
| 001 | 1/113229 | ||
| 008 | 170306s1966####nyu| ||| |||| ||eng|| | ||
| 040 | |a GR-MyUa |b gre |c GR-MyUa |e AACR2 | ||
| 041 | 0 | |a eng | |
| 082 | 7 | |a 320.96 |2 (23) | |
| 245 | 0 | 0 | |a Africa : |b the primacy of politics / |c Herbert J. Spiro, editor. |
| 260 | |a New York : |b Random House, |c [1966] | ||
| 300 | |a vi, 212 σ. ; |c 19 εκ. | ||
| 490 | 0 | |a (Random House studies in political science) | |
| 500 | |a Consists chiefly of papers presented at a political science panel session held during the 6th annual meeting of the African Studies Association, San Francisco, October 25, 1963. | ||
| 508 | |a Contributors: Edouard Bustin, Henry Bretton, Clement Henry Moore, Thomas Hovet, Herbert J. Spiro. | ||
| 651 | 0 | |a Africa |x Politics and government |y 1960- | |
| 700 | 1 | |a Spiro, Herbert J. |e edt | |
| 710 | 2 | |a African Studies Association. | |
| 852 | |a INST |b LESVOS |e 20170306 |h 320.96 AFR |p 005100058785 |q 005100058785 |t BK |y 0 | ||
| 970 | |a Τζαφέρη |b Ευαγγελία |z 06-03-2017 | ||